000 00600nam a2200193Ia 4500
001 11886
003 GE_BSU
008 181216s||||||||xx |||||||||||||| ||und||
040 _cGE_BSU
080 _a577.1
245 _aФункциональная биохимия клеточных структур
245 _cРед.Н.П.Лисовская.Художн.Л.Дунаева
260 _aМосква
260 _bНаука
260 _c1970
300 _a454стр.ил.26см.
653 _aФункциональная биохимия клеточных структур
942 _cBK
999 _c45063
_d45063